Tilastot visalle Maat, jotka ovat lähinnä Luxemburg (kartalla)

Klikkaa tästä pelataksesi tätä visaa!

Yleistilastot

  • Tätä visaa on pelattu 56 kertaa
  • Keskiarvotulos 10 / 20

Vastaukset kartalla

Vastauksille on annettu kartalla punavihreä väri sen mukaan, kuinka moni on saanut sen oikein.
 

Vastaustilastot

maa% Oikein
Ranska
95%
Sveitsi
92%
Belgia
89%
Saksa
89%
Alankomaat
87%
Italia
87%
Itävalta
76%
Liechtenstein
53%
Espanja
50%
Tanska
50%
Tšekki
50%
Monaco
45%
Puola
34%
San Marino
29%
Slovenia
24%
Unkari
21%
Ruotsi
18%
Yhdistynyt
kuningaskunta
18%
Slovakia
16%
Kroatia
13%

Tulosjakauma

Persentiili vastausten määrän mukaan

Jokaisen tuloksen saaneiden osuus

Tuloshistoriasi

Et ole pelannut tätä visaa